| 000 | 00891nam a2200265 a 4500 | ||
|---|---|---|---|
| 008 | |||
| 020 | _a9781472411167 (paperback) | ||
| 040 |
_aNUST _cNUST |
||
| 049 | _aMAIN | ||
| 090 |
_aJZ1305 _bENC |
||
| 245 | 1 | 0 |
_aEncounters with world affairs : _ban introduction to international relations/ _cedited by Emilian Kavalski. |
| 260 |
_aSurrey, England : _bAshgate, _c2015. |
||
| 300 |
_axviii, 433 pages : _billustrations ; _c25 cm. |
||
| 336 |
_atext _btxt _2rdacontent |
||
| 337 |
_aunmediated _bn _2rdamedia |
||
| 338 |
_avolume _bnc _2rdacarrier |
||
| 500 | _aIncludes index. | ||
| 504 | _aIncludes bibliographical references. | ||
| 650 | 1 |
_aInternational relations _xCase studies. |
|
| 700 |
_aKavalski, Emilian., _aeditor. |
||
| 907 |
_a.b10415385 _b04-03-22 _c04-03-22 |
||
| 003 | |||
| 005 | 20230123141233.0 | ||
| 942 |
_cBOOKS _kJZ1305 _mENC |
||
| 999 |
_c170039 _d170039 |
||